Responses for Show #4853 - Wednesday, October 19, 2005

Contestants

[<< previous game]

Katie Miltich, an attorney from Lansdale, Pennsylvania

Steve O'Connor, a communications consultant from Naperville, Illinois

Dominic Owen-Williams, an office clerk originally from Jamaica, now living in Toronto, Ontario, Canada (whose 1-day cash winnings total $2,800)

[next game >>]

Jeopardy! Round responses

BIBLICAL NAME'S THE SAME
THEIR FIRST FEATURE FILMS
STUPID ANSWERS
FAMILIAR PHRASES
HAPPY TRAILS TO YOU
UNTIL WE MEAT AGAIN
    $200 14
Aaron

Dominic
    $200 8
Lee Majors

Dominic
    $200 3
Pink

Steve
    $200 1
offense

Steve
    $200 21
Texas

Steve
    $200 26
(Alex: [Before acknowledging Katie] Sounds like a STUPID ANSWER!)

sirloin

Katie
    $400 15
Dinah

Dominic
    $400 11
Queen Latifah

Steve
    $400 4
an opera

Dominic
    $400 2
Mudville

Steve
    $400 22
Pikes Peak

Steve
    $400 27
veal

Steve
    $600 16
Rachel

Katie
    $600 12
(Anne) Hathaway

Steve
    $600 9
Deep Red

Steve
    $600 5
prevention

Steve
    $600 23
(Dominic: What is San Francisco?)
...
(Alex: It came right here to [*].)

Los Angeles

Dominic
Triple Stumper
    $600 28
mutton

Dominic
    $800 17
Timothy

Dominic
    $800 13
Betty White

Katie
    $800 10
(Alex: We stumped you on a STUPID ANSWER!)
(Steve: Let's get away from that.)

sardonyx

Triple Stumper
    $800 6
"A mind is a terrible thing to waste"

Steve
    $800 24
the Cherokee

Katie
    $800 29
venison

Katie
    $1000 18
Naomi

Steve
    $1000 19
The Hotel New Hampshire

Katie
    $1000 20
[Katie rings in after a few seconds.]
(Katie: What is [*]?)
(Alex: [*], yes! That's a STUPID ANSWER, innit? I like it!)
[Laughter]

Jernigan

Katie
    $1,000 7
(Steve: Um. [Shakes head] What is...)
(Alex: Oh, you're not going to get it.)
(Steve: ...Exodus?)
(Alex: No, it was [*]. He deciphered the handwriting on the wall.)

Daniel

Steve
    $1000 25
(Alex: That was a fort featured in film. [*].)

Fort Laramie

Triple Stumper
    $1000 30
(Dominic: What is a ham?)

hock

Dominic
Triple Stumper

Scores at the first commercial break (after clue 13):

Dominic Steve Katie
$600 $2,800 $800

Scores at the end of the Jeopardy! Round:

Dominic Steve Katie
$1,000 $4,800 $5,200

Double Jeopardy! Round responses

WORLD WAR I
OCCUPATIONAL TV
A WORLD OF "P"OETS
LANGUAGES & DIALECTS
CATS & DOGS
ABBREVIATED
    $400 1
Churchill

Steve
    $400 4
WKRP in Cincinnati

Steve
    $400 19
(Katie: Who is Pasternak?)

Pushkin

DominicKatie
    $400 8
Dutch

Katie
    $400 10
toy dogs

Katie
    $400 15
weapons of mass destruction

Katie
    $800 2
Rickenbacker

Steve
    $800 7
Alice

Dominic
    $2,000 27
(Steve: Ugh. No, I don't know.)
(Alex: Who is [*]? [*].)
(Steve: Ah, yes.)

Pindar

Steve
    $800 9
(Dominic: What is Russian?)
(Steve: What is Czech?)
(Katie: What is Serbo-Croatian?)
...
(Alex: No harm, no foul: you all lost the same amount.)

Polish

DominicSteveKatie
Triple Stumper
    $800 11
a hairless (cat)

Katie
    $800 16
the Writers Guild of America

Dominic
    $1200 3
no man's land

Katie
    $1200 24
Newsday

Steve
    $1200 28
Charles Perrault

Triple Stumper
    $1200 17
(Steve: What is Italy?)
(Dominic: What is France?)

Latvia

DominicSteve
Triple Stumper
    $1200 12
Norwegian

Triple Stumper
    $1200 21
Industrial Light & Magic

Steve
    $1600 5
Hoover

Dominic
    $1600 25
(Alex: You three are all too young, unfortunately, to remember [*].)

Father Knows Best

Triple Stumper
    $1600 29
Petrarch

Katie
    $1600 18
Lesotho

Steve
    $800 13
(Alex: [*], you got it all in there, way to go!)

a Cavalier King Charles

Katie
    $1600 22
single lens reflex

Steve
    $2000 6
(Billy) Mitchell

Steve
    $2000 26
(Alex: A minute to go, now.)

Elaine (Nardo)

Steve
    $2000 30
(Octavio) Paz

Dominic
    $2000 20
Swaziland

Triple Stumper
    $2000 14
(Alex: You know your CATS & DOGS, young lady!)

Bouvier des Flandres

Katie
    $2000 23
International Standard Book Number

Triple Stumper

Scores at the end of the Double Jeopardy! Round:

Dominic Steve Katie
$4,600 $12,000 $11,600

[wagering suggestions for these scores]

Final Jeopardy! Round responses

AMERICANA
(Alex: Dominic, we start with you, and these things started in Canada at about the same time. What--oh, you were unable to come up with the correct response.)
...
(Alex: ZIP codes introduced in 1963, right.)
...
(Alex: Ah, the reluctant bungee jumper triumphs today!)
DominicWhat is ??
$4,600
KatieWhat is zip-a-dee-doo-dah
$1,000
SteveWhat is Zippidy-Do-Da?
$7,001
"Zip-A-Dee-Doo-Dah"

Final scores:

Dominic Steve Katie
$0 $19,001 $12,600
3rd place: $1,000 New champion: $19,001 2nd place: $2,000

Game dynamics:

Coryat scores:

Dominic Steve Katie
$4,600 $15,000 $12,400
11 R,
4 W
21 R,
4 W
(including 2 DDs)
15 R
(including 1 DD),
2 W

Combined Coryat: $32,000

[game clues] [game scores] [suggest correction]

Game tape date: 2005-08-02
The J! Archive is created by fans, for fans. Scraping, republication, monetization, and malicious use prohibited; this site may use cookies and collect identifying information. See terms. The Jeopardy! game show and all elements thereof, including but not limited to copyright and trademark thereto, are the property of Jeopardy Productions, Inc. and are protected under law. This website is not affiliated with, sponsored by, or operated by Jeopardy Productions, Inc. Join the discussion at JBoard.tv.